MCQs on Community Health Nursing/ (Record no. 515)

MARC details
000 -LEADER
Fixed length control field 00592nam a2200193Ia 4500
003 - CONTROL NUMBER IDENTIFIER
Control field IIN
005 - DATE AND TIME OF LATEST TRANSACTION
Control field 20250521120457.0
008 - FIXED-LENGTH DATA ELEMENTS--GENERAL INFORMATION
Fixed length control field 231217s2014 xx ad 000 0 eng d
020 ## - INTERNATIONAL STANDARD BOOK NUMBER / ISBN
Price Rs.395.00
International Standard Book Number 9789351522263
040 ## - CATALOGING SOURCE
Original cataloging agency IIN
Language of cataloging English
082 ## - DEWEY DECIMAL CLASSIFICATION NUMBER
Classification number 610.7343
Book Number CHA
100 1# - MAIN ENTRY--PERSONAL NAME
Personal name Chatterjee, Nirmallya
245 1# - TITLE STATEMENT
Title MCQs on Community Health Nursing/
Statement of responsibility Nirmallya Chatterjee
260 ## - IMPRINT
Place of publication New Delhi
Name of publisher Jaypee
Date of publication 2014
300 ## - PHYSICAL DESCRIPTION
Page / Vol. No 232 p.
500 ## - GENERAL NOTE
General note This book is contains various question and answer for both( B.Sc & GNM )nursing students.
650 1# - SUBJECT ADDED ENTRY--TOPICAL TERM
Topical term Community Health Nursing
942 ## - ADDED ENTRY ELEMENTS (KOHA)
Koha item type Books
Holdings
Withdrawn status Lost status Source of classification Damaged status Not for loan Collection code Home library Current library Shelving location Date acquired Price Total Checkouts Call number Accession number Date last seen Copy number Price effective from Koha item type
    Dewey Decimal Classification       IDEAL INSTITUTE OF NURSING IDEAL INSTITUTE OF NURSING General Stacks 17/12/2023 395.00   610.7343 CHA 510 17/12/2023 1 17/12/2023 Books
    Dewey Decimal Classification       IDEAL INSTITUTE OF NURSING IDEAL INSTITUTE OF NURSING   17/12/2023 395.00   610.7343 CHA 511 17/12/2023 2 17/12/2023 Books
    Dewey Decimal Classification       IDEAL INSTITUTE OF NURSING IDEAL INSTITUTE OF NURSING General Stacks 17/12/2023 395.00   610.7343 CHA 512 17/12/2023 3 17/12/2023 Books
    Dewey Decimal Classification       IDEAL INSTITUTE OF NURSING IDEAL INSTITUTE OF NURSING General Stacks 11/03/2025 495.00   610.7343 CHA 2049 21/05/2025 4 17/12/2023 Books
© Ideal Institute Of Nursing, All rights reserved.         Powered by Koha